01659cam a2200361 a 4500001000800000005001700008008004100025010001700066020001500083020001800098035002000116050002300136082002000159100003200179245012100211260004400332300003300376490003000409500018000439504005200619611003800671650003200709651004300741653002200784700002900806710002300835830005600858942001200914999001700926952011800943952011801061952011801179162885220131111135706.0951012s1995 dcua b i000 0 eng d a 95222564  a0821334883 a9780821334881 a(OCoLC)3328747300aHF1713b.M342 1995 222a382.92bMAR1 aMartin, Will,d1953-93443414aThe Uruguay Round :bwidening and deepening the world trading system /cWill Martin and L. Alan Winters; World Bank. aWashington, D.C. :bWorld Bank,cc1995. avii, 31 p. :bill. ;c23 cm.1 aDirections in development a"A synopsis of the papers, feedback, and discussion from the World Bank's second conference on the Uruguay Round and the developing economies, held January 26-27, 1995"--P. v. aIncludes bibliographical references (p. 30-31).20aUruguay Roundd(1987-1994)934435 0aInternational trade.934436 0aDeveloping countriesxCommerce.934437 bEcocNovember20131 aWinters, L. Alan.9344382 aWorld Bank.934439 0aDirections in development (Washington, D.C.)934440 2ddccBB c17751d17723 00102ddc40708BaccahaMAINbMAINc1STd2013-11-11epurchasel0o382.92 MARp000029628r2025-07-15 00:00:00yBB 00102ddc40708BaccahaMAINbMAINc1STd2013-11-11epurchasel0o382.92 MARp000029629r2025-07-15 00:00:00yBB 00102ddc40708BaccahaMAINbMAINc1STd2013-11-11epurchasel0o382.92 MARp000029630r2025-07-15 00:00:00yBB